000 01267nam a2200385 a 4500
001 22269
003 VRT
005 20260324155149.0
008 980818s1997 xo a g 000 f slo c
020 _a8088800072 (viaz.)
035 _aUKB000231823
039 9 _a202001211110
_bfuskovaz
_c202001211109
_dfuskovaz
_c201905100946
_ddrlickoj
_c201602111158
_dizakovicm
040 _aBAA001
_bslo
_cBAA001
_eAACR2
041 1 _aslo
_hfre
044 _axo
_cSK
080 _a840-311.6
100 1 _aBenzoni, Juliette,
_d1920-2016
240 1 4 _aLes lauriers de flammes.
_lSlovensky
245 1 0 _aMarianin návrat
_cJuliette Benzoniová ; [z franc. orig. prel. Vladimíra Komorovská ; ilustr. Kristína Šimková]
250 _a1. vyd.
260 _aBratislava
_bLogos
_c1997
300 _a293, [1] s.
_bil.
500 _aFrontsp.
530 _aDostupný aj zvukový záznam
653 _a840-311.6
655 7 _afrancúzske romány
_2UKBPH
655 7 _ahistorické romány
_2UKBPH
700 1 _aKomorovská, Vladimíra
_4trl
700 1 _aŠimková, Kristína
_4ill
776 0 _tMariannin návrat
_i[zvukový záznam]
910 _aukb
942 _2ddc
_cKLDO
_n0
949 _61800035113
_a30.D.74579
_bPV.5143-98
949 _61800035114
_aSL.D.29702
_bPV.5144-98
999 _c22269
_d22269